| 000 | 00660nam a2200205 a 4500 | ||
|---|---|---|---|
| 001 | 000031465 | ||
| 003 | OSt | ||
| 005 | 20240409204201.0 | ||
| 008 | 110627s1907 dr r 000 0 spa d | ||
| 040 |
_aDO-SdBNP _bspa _cBNPHU |
||
| 082 | 4 |
_a972.93 _bD418o _222 |
|
| 245 | 0 | 0 | _aDe oportunidad. |
| 260 |
_aSanto Domingo : _bImp. Cuna de América, _c1907. |
||
| 300 |
_a24 p. ; _c26 cm. |
||
| 500 | _aIncluye referencias bibliográficasy noyas al pie de las páginas | ||
| 590 | _aInventariado, 2018/LP | ||
| 651 | 0 |
_aRepública Dominicana -- _xHistoria -- _ySegunda República, 1865-1916 _977361 |
|
| 910 | _aValidado. Control de calidad MFF | ||
| 942 |
_2ddc _cLBS1 |
||
| 999 |
_c30957 _d30957 |
||